<?xml version="1.0" encoding="UTF-8"?>
<record
    xmlns:xsi="http://www.w3.org/2001/XMLSchema-instance"
    xsi:schemaLocation="http://www.loc.gov/MARC21/slim http://www.loc.gov/standards/marcxml/schema/MARC21slim.xsd"
    xmlns="http://www.loc.gov/MARC21/slim">

  <leader>00820nam  22001813  4500</leader>
  <controlfield tag="001">202820</controlfield>
  <datafield tag="090" ind1=" " ind2=" ">
    <subfield code="a">202820</subfield>
  </datafield>
  <datafield tag="100" ind1=" " ind2=" ">
    <subfield code="a">20260701d        u||y0pory50      ba</subfield>
  </datafield>
  <datafield tag="200" ind1=" " ind2=" ">
    <subfield code="a">Aspects of time, place and thematic content in the prose fiction of Jos&#xE9; Rodrigues Migu&#xE9;is as indications of yhe artist's Weltansicht</subfield>
    <subfield code="f">John Austin Kerr, Jr</subfield>
  </datafield>
  <datafield tag="210" ind1=" " ind2=" ">
    <subfield code="a">Wisconsin</subfield>
    <subfield code="c">University</subfield>
    <subfield code="d">1970</subfield>
  </datafield>
  <datafield tag="215" ind1=" " ind2=" ">
    <subfield code="a">2 vols (1046 p.)</subfield>
    <subfield code="c">encadernado</subfield>
    <subfield code="d">28 cm</subfield>
  </datafield>
  <datafield tag="300" ind1=" " ind2=" ">
    <subfield code="a">A thesis present to the Graduate School of the University of Wisconsin in partial fulfillment of the requirements for the degree of Doctor of Philosophy
Cont&#xE9;m dedicat&#xF3;ria na folha de rosto</subfield>
  </datafield>
  <datafield tag="675" ind1=" " ind2=" ">
    <subfield code="a">821.111(73)</subfield>
    <subfield code="v">US</subfield>
    <subfield code="z">eng</subfield>
  </datafield>
  <datafield tag="675" ind1=" " ind2=" ">
    <subfield code="a">82.09</subfield>
    <subfield code="v">Us</subfield>
    <subfield code="z">eng</subfield>
  </datafield>
  <datafield tag="700" ind1=" " ind2=" ">
    <subfield code="9">17676</subfield>
    <subfield code="a">Kerr, Jr.</subfield>
    <subfield code="b">John Austin</subfield>
    <subfield code="f">1934-2025</subfield>
  </datafield>
  <datafield tag="801" ind1=" " ind2=" ">
    <subfield code="a">PT</subfield>
    <subfield code="b">BMMN</subfield>
    <subfield code="g">RPC</subfield>
  </datafield>
  <datafield tag="830" ind1=" " ind2=" ">
    <subfield code="c">Ana Falardo</subfield>
    <subfield code="f">Ana Falardo</subfield>
  </datafield>
  <datafield tag="990" ind1=" " ind2=" ">
    <subfield code="c">LIVROS</subfield>
  </datafield>
  <datafield tag="995" ind1=" " ind2=" ">
    <subfield code="0">0</subfield>
    <subfield code="2">0</subfield>
    <subfield code="5">2026-07-01</subfield>
    <subfield code="9">32630</subfield>
    <subfield code="b">BMMN</subfield>
    <subfield code="f">32341</subfield>
    <subfield code="k">82.09 KER|SAF vol.I</subfield>
    <subfield code="o">0</subfield>
    <subfield code="r">LIVROS</subfield>
    <subfield code="u">Acesso Condicionado</subfield>
    <subfield code="s">Oferta</subfield>
  </datafield>
  <datafield tag="995" ind1=" " ind2=" ">
    <subfield code="0">0</subfield>
    <subfield code="2">0</subfield>
    <subfield code="5">2026-07-01</subfield>
    <subfield code="9">32631</subfield>
    <subfield code="b">BMMN</subfield>
    <subfield code="f">32342</subfield>
    <subfield code="k">82.09 KER|SAF vol.II</subfield>
    <subfield code="o">0</subfield>
    <subfield code="r">LIVROS</subfield>
    <subfield code="u">Acesso Condicionado</subfield>
    <subfield code="s">Oferta</subfield>
  </datafield>
</record>
